Introducción al método psicoanalítico
I tiakina i:
| Kaituhi matua: | |
|---|---|
| Hōputu: | Pukapuka |
| Reo: | Pāniora |
| I whakaputaina: |
Buenos Aires
Paidós
1997
|
| Putanga: | 1a. ed |
| Rangatū: | Nueva Biblioteca Psicoanalítica, 6
|
| Ngā marau: | |
| Ngā Tūtohu: |
Tāpirihia he Tūtohu
Kāore He Tūtohu, Me noho koe te mea tuatahi ki te tūtohu i tēnei pūkete!
|
MARC
| LEADER | 00000cam a2200000 a 4500 | ||
|---|---|---|---|
| 001 | UCF2794 | ||
| 003 | CL-VaPUC | ||
| 008 | 120910e19970000AG |||||||||||||||||spa|d | ||
| 020 | |a 9789501216066 | ||
| 082 | 0 | 4 | |a 150.195 |b MIL |2 21 |
| 100 | |a Miller, Jacques-Alain |e autor |9 564603 | ||
| 245 | 1 | 0 | |a Introducción al método psicoanalítico |
| 250 | |a 1a. ed | ||
| 300 | |a 200 p | ||
| 942 | |c BK | ||
| 945 | |d 20120910 00:00:00 |a dcastane | ||
| 260 | |a Buenos Aires |b Paidós |c 1997 | ||
| 650 | 0 | |a Psicoanálisis |9 265702 | |
| 583 | |a last modification |c 20120910 11:39:00 |k Rodrigo Vera | ||
| 490 | 0 | |a Nueva Biblioteca Psicoanalítica, 6 | |
| 999 | |c 349333 |d 349331 | ||
| 952 | |0 0 |1 0 |4 0 |6 150_195000000000000_MIL_1997 |7 0 |8 A |9 451920 |a BIBEDU |b BIBEDU |d 2019-11-22 |i 4901096 |o 150.195 MIL 1997 |p 4901096 |r 2019-11-22 |w 2019-11-22 |y BK |k PSI | ||
| 952 | |0 0 |1 0 |4 0 |6 150_195000000000000_MIL_1997 |7 0 |8 A |9 451921 |a BIBEDU |b BIBEDU |d 2019-11-22 |i 490110K |o 150.195 MIL 1997 |p 490110K |r 2019-11-22 |w 2019-11-22 |y BK |k PSI | ||